A városi turizmus keresletének és kínálatának bemutatása és elemzése Vajdaságban - Szabadka, Palics és Magyarkanizsa példáján keresztül

Bibliográfiai részletek
Szerző: Papp Dóra
További közreműködők: Kajári Dr. Karolina
Dokumentumtípus: Diplomadolgozat
Kulcsszavak:Vajdaság
Városi turizmus
Fejlesztési tervek
Turisztikai leltárak
Vendégforgalmi adatok
Online Access:http://dolgozattar.uni-bge.hu/3935

MARC

LEADER 00000nta a2200000 i 4500
001 dolg3935
005 20160210192034.0
008 151202suuuu hu om 000 hun d
040 |a BGE Dolgozattár Repozitórium  |b hun 
041 |a hu 
100 1 |a Papp Dóra 
245 1 2 |a A városi turizmus keresletének és kínálatának bemutatása és elemzése Vajdaságban - Szabadka, Palics és Magyarkanizsa példáján keresztül  |c Papp Dóra  |h [elektronikus dokumentum] 
695 |a Vajdaság 
695 |a Városi turizmus 
695 |a Fejlesztési tervek 
695 |a Turisztikai leltárak 
695 |a Vendégforgalmi adatok 
700 1 |a Kajári Dr. Karolina  |e ths 
856 4 0 |u http://dolgozattar.uni-bge.hu/3935/1/PappDora_szakdolgozat_2015.pdf  |z Dokumentum-elérés